000 00344nam a2200157Ia 4500
003 Ost
005 20260225132555.0
008 260225s9999||||xx |||||||||||||| ||und||
040 _cfsic
041 _afre
082 _a440
100 _aPascal Durand
_eAuteur
245 0 _aMédias et censure /
245 0 _cPascal Durand
942 _cكتاب
999 _c34385
_d34385